2025 Speedway Grand Prix Finalists - Statistics

General Stats
  • This quiz has been taken 8 times
  • The average score is 8 of 11
Answer Stats
Finals Answer % Correct
9 Brady Kurtz
100%
6 Dan Bewley
100%
9 Bartosz Zmarzlik
88%
5 Fredrik Lindgren
75%
4 Jack Holder
75%
1 Jason Doyle
75%
1 Patryk Dudek
75%
1 Leon Madsen
63%
2 Andžejs Ļebedevs
38%
1 Dominik Kubera
38%
1 Michael Jepsen Jensen
25%
No matching quizzes found
Score Distribution
Percent of People with Each Score
Percentile by Number Answered
Your Score History
You have not taken this quiz